OSS và Hồ Chí Minh đồng minh bất ngờ trong cuộc chiến chống phát xit Nhật : Tư liệu mới của Mỹ lần đầu tiên được công bố tại Việt Nam
Sách kể về cuộc chiến tranh của Mỹ và Việt Nam, kể về cuộc chiến của OSS và Hồ Chí Minh.Nội dung cuốn sách là câu trả lời lấy từ tứ thơ của một bài ca cổ Ái Nhĩ Lan về câu chuyện gã thuỷ thủ già nở bắn chết con chim báo bão. Con ch...
Na minha lista:
| Autor principal: | |
|---|---|
| Formato: | Livro |
| Idioma: | Undetermined |
| Publicado em: |
Hà Nội
Thê giới
2007
|
| Assuntos: | |
| Tags: |
Adicionar Tag
Sem tags, seja o primeiro a adicionar uma tag!
|
| Thư viện lưu trữ: | Trung tâm Học liệu Trường Đại học Cần Thơ |
|---|
| LEADER | 01440nam a2200229Ia 4500 | ||
|---|---|---|---|
| 001 | CTU_128395 | ||
| 008 | 210402s9999 xx 000 0 und d | ||
| 020 | |c 85000 | ||
| 082 | |a 959.7 | ||
| 082 | |b B287 | ||
| 100 | |a Bartholomew-Feis, Dixee R. | ||
| 245 | 0 | |a OSS và Hồ Chí Minh đồng minh bất ngờ trong cuộc chiến chống phát xit Nhật : | |
| 245 | 0 | |b Tư liệu mới của Mỹ lần đầu tiên được công bố tại Việt Nam | |
| 245 | 0 | |c Dixee R. Bartholomew-Feis; Lương Lê Giang dịch | |
| 260 | |a Hà Nội | ||
| 260 | |b Thê giới | ||
| 260 | |c 2007 | ||
| 520 | |a Sách kể về cuộc chiến tranh của Mỹ và Việt Nam, kể về cuộc chiến của OSS và Hồ Chí Minh.Nội dung cuốn sách là câu trả lời lấy từ tứ thơ của một bài ca cổ Ái Nhĩ Lan về câu chuyện gã thuỷ thủ già nở bắn chết con chim báo bão. Con chim báo bão chính là những ký ức lịch sử về một thời kỳ Mỹ và Hồ Chí Minh từng là đồng minh chóng phát xít. Chim báo bão chết, tất nhiên con tàu của gã thuỷ thủ già bị lạc vào giông bão. | ||
| 650 | |a Vietnam | ||
| 650 | |x History | ||
| 904 | |i Tuyến | ||
| 980 | |a Trung tâm Học liệu Trường Đại học Cần Thơ | ||